| 000 | 00848cam a22002657a 4500 | ||
|---|---|---|---|
| 999 |
_c330381 _d330381 |
||
| 001 | 15709163 | ||
| 003 | NUST | ||
| 005 | 20170703113603.0 | ||
| 008 | 090422s2009 pk 000 | urd | ||
| 010 | _a 2009360212 | ||
| 025 | _aP-U-2009360212; 10; 11 | ||
| 040 |
_aDLC _cDLC |
||
| 041 | _hurdu | ||
| 042 | _alcode | ||
| 050 | 0 | 0 | _aMLCSA 2009/01124 (P) |
| 082 |
_a891.4391 _bZAI |
||
| 100 | 1 |
_aZaidī, Muṣt̤afā, _d1930-1970. _91988 |
|
| 245 | 1 | 0 |
_aHarf -e Qudus / _cintik̲h̲āb va tartīb, Nuṣrat Zaidī. |
| 260 |
_aIslamabad : _bAkas publications, _c2009. |
||
| 300 |
_a112 p. ; _c22 cm. |
||
| 500 | _aPoems. | ||
| 546 | _aIn Urdu. | ||
| 650 |
_aUrdu Literature _9347 |
||
| 700 | 1 |
_aZaidī, Nuṣrat. _93137 |
|
| 880 |
_6100-01\(3\r _aنصرت زیدی |
||
| 880 |
_6245-02\(3\r _aحرف قدس _cنصرت زیدی |
||
| 880 |
_6260-03\(3\r _aاسلام آباد _bعکاس پبلی کیشنز، _c2009 |
||
| 906 |
_a7 _bcbc _corigode _d4 _encip _f20 _gy-gencatlg |
||
| 942 |
_2ddc _cBK |
||